| Record ID | ia:deadlyfear0000eden |
| Source | Internet Archive |
| Download MARC XML | https://archive.org/download/deadlyfear0000eden/deadlyfear0000eden_marc.xml |
| Download MARC binary | https://www.archive.org/download/deadlyfear0000eden/deadlyfear0000eden_meta.mrc |
LEADER: 02086cam 2200517Ma 4500
001 ocn503074909
003 OCoLC
005 20191106105034.0
008 100521s2010 nyu 000 f eng
010 $a 2012660011
040 $aUKM$beng$cUKM$dBTCTA$dJAG$dOEM$dSINLB$dUKMGB$dMLN$dBDX$dDLC$dOCLCO$dOCLCF$dOCLCO$dOCLCQ$dOCLCO$dNZAUC$dOCL$dOCLCO$dOCLCQ$dROC$dOCLCA$dNZIPP$dOCLCO$dJX9$dZQP
015 $aGBB065016$2bnb
016 7 $a015562237$2Uk
020 $a9780446559249$q(pbk.)
020 $a0446559245$q(pbk.)
035 $a(OCoLC)503074909
043 $an-us-ms
050 14 $aPS3605.D4535$bD43 2010
082 04 $a813.6$222
100 1 $aEden, Cynthia.
245 10 $aDeadly fear /$cCynthia Eden.
260 $aNew York :$bForever,$c2010.
300 $a402 pages ;$c18 cm.
336 $atext$btxt$2rdacontent
337 $aunmediated$bn$2rdamedia
338 $avolume$bnc$2rdacarrier
490 0 $aRomantic suspense Grand Central Publishing
520 $aFBI Special Agents Monica Davenport and Luke Dante are sent to the quiet town of Jasper, Mississippi. Although the modi operandi are different, it soon becomes clear that the two murders there are linked - by the notes from the killer and by the victims' fear.
650 0 $aIntelligence officers$vFiction.
650 0 $aSerial murder investigation$zMississippi$vFiction.
650 7 $aIntelligence officers.$2fast$0(OCoLC)fst00975843
650 7 $aSerial murder investigation.$2fast$0(OCoLC)fst01113109
651 7 $aMississippi.$2fast$0(OCoLC)fst01207034
655 7 $aRomance fiction.$2fast$0(OCoLC)fst01921732
655 7 $aFiction.$2fast$0(OCoLC)fst01423787
655 4 $aRomantic suspense stories.
655 7 $aRomantic suspense novels.$2lcgft
655 7 $aRomantic suspense fiction.$2gsafd
938 $aBrodart$bBROD$n11204516$c$6.99
938 $aBaker and Taylor$bBTCP$nBK0008780974
029 1 $aAU@$b000045827879
029 1 $aNZ1$b13476683
029 1 $aUNITY$b121821498
029 1 $aUKMGB$b015562237
994 $aZ0$bP4A
948 $hNO HOLDINGS IN P4A - 242 OTHER HOLDINGS